Neopestalotiopsis foliar disease of rubber in the Philippines (Record no. 75230)

MARC details
000 -LEADER
fixed length control field 01164nam a22001577a 4500
100 ## - MAIN ENTRY--AUTHOR NAME
Personal name Solpot, T.C.
245 ## - TITLE STATEMENT
Title Neopestalotiopsis foliar disease of rubber in the Philippines
260 ## - PUBLICATION, DISTRIBUTION, ETC. (IMPRINT)
Name of publisher Proceedings of the IRRDB International Rubber Conference 2023, 20-21 February 2023, IRRDB, Kuala Lumpur, Malaysia, pp. 163-166.
520 ## - SUMMARY, ETC.
Summary, etc Zamboanga Peninsula is the top rubber-producing region in the Philippines. In September 2022, Pestalotiopsis leaf fall disease was observed in Tungawan, Zamboanga Sibugay, Philippines. About 25-35% of rubber trees in a 2.5 ha plantation displayed mild to severe infections. Symptoms included yellow to brown lesions. Combined morpho-cultural and molecular characterisations confirmed the identity of the pathogen as Neopestalotiopsis clavispora and was found pathogenic to healthy detached rubber leaves confirming the pathogenicity of N. clavispora in rubber. This is the first report of the pathogen in the Philippines infecting rubber.
650 ## - SUBJECT ADDED ENTRY--TOPICAL TERM
Topical Term Leaf fall
650 ## - SUBJECT ADDED ENTRY--TOPICAL TERM
Topical Term Neopestalotiopsis
650 ## - SUBJECT ADDED ENTRY--TOPICAL TERM
Topical Term Fungal disease
650 ## - SUBJECT ADDED ENTRY--TOPICAL TERM
Topical Term Pestalotia
700 ## - ADDED ENTRY--PERSONAL NAME
Personal name Villanueva, J.D., Abello, M.P. and Zuniga, J.B.M.
942 ## - ADDED ENTRY ELEMENTS (KOHA)
Koha item type Journals
Holdings
Withdrawn status Lost status Damaged status Not for loan Home library Current library Date acquired Koha item type
        RRII Library RRII Library 25/04/2024 Journals